Where am I?? #10 - Statistics

General Stats
  • This quiz has been taken 63 times
  • The average score is 5 of 6
Answer Stats
Instructions Answer Hint % Correct
Say 1 to receive your hint! 1 Another non-country capital..
100%
Say 2 to receive your hint! 2 Malaysia! This is getting fast!
100%
Say 3 to receive your hint! 3 Penang, a state in Malaysia.
98%
Say 4 to receive your hint! 4 Also the "name" of a country's capital!
97%
Say 5 to receive your hint! 5 Just add a space " " in the middle!
97%
Name the city! George Town
22%
No matching quizzes found
Score Distribution
Percent of People with Each Score
Percentile by Number Answered
Your Score History
You have not taken this quiz